000 01557nam0a2200385 4500
001 RU\NLR\bibl\1765932
005 20250616125629.0
010 _a978-5-9506-0656-4
_91000
021 _aRU
_b2011-27047
_91921
035 _a(nilc)RSL-KNO-004929424
035 _a(NLR Aleph) 001756729
090 _a1552904
_c1552904
100 _a20110418d2010 |||y0rusy50 ca
101 0 _arus
102 _aRU
105 _ay |||||||||
200 1 _aУправление качеством в вузе в условиях Болонского процесса
_eмонография
_fИ. А. Богачек, Э. В. Онищенко
210 _aМосква
_cЭкон-информ
_d2010
215 _a342 с.
_cил., табл.
_d21
300 _aНа 4-й с. обл.: Богачек И.А., д.п.н., проф., Онищенко Э.В., д.п.н.
320 _aБиблиогр.: с. 234-237
606 1 _aВысшее образование
_xКачество
_xУправление
_92465814
_3RU\NLR\auth\661464864
606 1 _aБолонский процесс
_92429520
_3RU\NLR\auth\661446198
686 _aЧ484(0)ж,0
_2rubbk
686 _aЧ481,6(2)41,0
_2rubbk
686 _aЧ481.28
686 _aЧ484(4)ж
700 1 _aБогачек
_bИ. А.
_gИгорь Александрович
_4070
701 1 _aОнищенко
_bЭ. В.
_gЭлеонора Васильевна
_4070
801 0 _aRU
_bRuMoRKP
_c20110418
_grcr
801 1 _aRU
_bРГБ
_c20110418
801 2 _aRU
_bNLR
_c20110504
_grcr
942 _cBOOK
980 _aNB